| 000 | 00366nam a2200133Ia 4500 | ||
|---|---|---|---|
| 008 | 240624s9999 xx 000 0 und d | ||
| 041 | _aeng | ||
| 082 | _a658.421 MAR | ||
| 100 | _aMARCOLONGO MICHELE | ||
| 245 | _aACADEMIC ENTREPRENEURSHIP HOW TO BRING YOUR SCIENTIFIC DISC | ||
| 260 |
_c2017 _aNew Jersey _bWiley |
||
| 300 | _axvii, 206 p.; 23 cm. | ||
| 365 |
_c _b33 |
||
| 999 |
_c32104 _d32104 |
||